000 00664nam a22001697a 4500
008 160726b xxu||||| |||| 00| 0 eng d
020 _a0-07-147189-8
082 _22008
_aDC 618.32
_bK96c
245 _aCongenital malformations:
_bevidenced-based evaluation and management/
_cedited by Praveen Kumar and Barbara K. Burton.
260 _aNew York:
_bMcGraw-Hill Medical,
_cc2008.
300 _axv, 390 pages:
_billustrations;
_c25 cm.
500 _aIncludes bibliographical references and index.
650 0 _911962
_aBirth defects
_xDiagnosis
700 _911963
_aKumar, Praveen
_eEditor
700 _911964
_aBurton, Barbara K.
_eEditor
942 _2ddc
_cDC
999 _c3596
_d3596